000
00364nam a2200169Ia 4500
100
_a
Barber/David
650
_a
Machine learning
942
_c
BK
366
_f
25
654
_a
machine learning
245
_a
Bayesian Reasoning and machine learning
260
_b
CUP
_c
2012
082
_b
BAR
300
_a
697
546
_a
ENGLISH
_c
Computers
999
_c
23752
_d
23752